000 00577nam a2200193 a 4500
001 1773127630958
003 YourLibrary
005 20260310125914.0
008 260310s1998##################000#0#eng##
020 _a9780820440033
082 0 4 _a362.280944
_bCAH.41
100 1 _aCahn, Zilla Gabrielle,
_eauthor.
245 1 0 _aSuicide in French Thought from Montesquieu to Cioran :
260 _bPeter Lang Incorporated, International Academic Publishers,
_c1998.
300 _a456 pages
650 0 _aHistory.
942 _cENGLISH
040 _aYourLibrary
_beng
_cYourLibrary
999 _c617353
_d617353